000 00435pab a2200145 454500
008 180718b1985 xxu||||| |||| 00| 0 eng d
100 _aAminuzzaman, Salahuddin MD.
245 _aDecentralisation and urban local government in Tanzania
_bRecent reforms and policy evolution.
260 _c1985
300 _a97-108
362 _aJuly-Sept.
650 _aAdministrative Decentralisation - Tanzania
773 _aNagarlok
909 _a3194
999 _c3194
_d3194